000 00980cam a22003014a 4500
001 16168
003 BD-RjUL
005 20211208235951.0
008 031015r20062005mauab b 001 0 eng d
020 _a0072833718 (alk. paper)
035 _a(BD-RjUL)16223
040 _aDLC
_cDLC
_dDLC
_dBD-RjUL
_beng
041 _aeng
082 0 0 _a658.84
_222
_bCAI 2006
100 1 _aCateora, Philip R.
_948887
245 1 0 _aInternational marketing /
_cPhilip R. Cateora, John L. Graham.
250 _a12th ed.
260 _aBoston :
_bMcGraw-Hill/Irwin,
_cc2005 [reorinted 2006].
300 _axxxiii, 697 p. :
_bcol. ill., col. maps ;
_c28 cm.
504 _aIncludes bibliographical references and indexes.
650 0 _aExport marketing.
_950036
650 0 _aInternational business enterprises.
_950037
700 1 _aGraham, John L.
_9234480
942 _2ddc
_cBK
999 _c16168
_d16168